Antología personal / (Registro nro. 2641)
[ vista simple ]
| 000 -LEADER | |
|---|---|
| fixed length control field | 01235nam a2200205 a 4500 |
| 008 - CAMPO DE CONTROL (LIBRO) | |
| fixed length control field | 011117s1998 ag |||g |||| 000 1 spa d |
| 020 ## - INTERNATIONAL STANDARD BOOK NUMBER | |
| ISBN | 9508600640 |
| 041 ## - CODIGO DE IDIOMA | |
| Código de idioma del texto/pista de sonido o título separado | spa |
| 092 ## - SIGNATURA TOPOGRAFICA DEWEY LOCAL | |
| número de clasificación | 808.8 |
| libristica | 63 |
| sección | ORG |
| 100 1# - ENTRADA PRINCIPAL--NOMBRE PERSONAL | |
| Nombre personal | Orgambide, Pedro |
| 9 (RLIN) | 3505 |
| 245 ## - TITULO PROPIAMENTE DICHO | |
| Título | Antología personal / |
| Mención de responsabilidad y remanente de la transcripción de la portada | Pedro Orgambide |
| 250 ## - MENCION DE EDICION | |
| Mención de edición | 1a ed. |
| 260 ## - PIE DE IMPRENTA | |
| Lugar de publicación, distribución, etc | Buenos Aires: |
| Nombre de la editorial, distribuidor, etc | Ediciones Instituto Movilizador de Fondos Cooperativos; |
| Fecha de publicación | 1998. |
| 300 ## - DESCRIPCION FISICA | |
| Extension | 126 p. |
| 500 ## - NOTA GENERAL | |
| Nota general | Orgambide, P. (1998). Antología personal. (1a ed.). Buenos Aires : Ediciones Instituto Movilizador de Fondos Cooperativos. |
| 505 ## - NOTA DE CONTENIDO | |
| Nota de contenido formateada | "Una antología de preferencias, lo es, también, de omisiones. No seleccioné ningún fragmente de mis novelas o de mis obras de teatro, que funcionan mejor como totalidades. Y no elegí ningún ensayo por la misma razón. En cambio, opté por un texto autobiográfico que, según creo, ilustra sobre mi aprendizaje de escritor, que comenzó hace más de medio siglo y que continúa hasta el presente. Elegí también varios cuentos escritos en diferentes momentos de mi vida. Algunos de ellos transcurren en México, en los años del exilio". |
| 590 ## - NOTAS LOCALES (RLIN) | |
| Nota local | Donación Maria Vitarelli, diciembre 2017 |
| 655 ## - MATERIA - GENERO/FORMA | |
| Género/Forma | Antologia |
| -- | 3506 |
| 942 ## - ADDED ENTRY ELEMENTS (KOHA) | |
| Source of classification or shelving scheme | Dewey Decimal Classification |
| Item type | LITERATURA |
| Estado de retiro | Existencia | Fuente de clasificación | Estado general | No para prestamo | Ubicación permanente | ubicación actual | Sala de ubicación | Fecha de adquisición | Fuente de adquisición | Total Checkouts | Número de clasificación | Código de barras | Date last seen | Número de ejemplar | Price effective from | Koha tipo de elemento (item) | Public note |
|---|---|---|---|---|---|---|---|---|---|---|---|---|---|---|---|---|---|
| Dewey Decimal Classification | Biblioteca Medicina | Biblioteca Medicina | Circulación | 06/02/2018 | Donación Maria Vitarelli, diciembre 2017 | 808.8 63 ORG | 4163 | 06/02/2018 | Ej. 1 | 06/02/2018 | LITERATURA | Proyecto 4to libro. Donación Maria Vitarelli, diciembre 2017 |